000 00459nam a2200169 a 4500
001 0000-8753
003 ELIB.Books
008 110520 1965
035 _a(ELIB.Books)0000-8899
082 _a201.1
_bTor
100 _aTorrance, T. F.
245 _aTheology in Reconstruction
260 _bGrand Rapids: Wm. B. Eerdmans Publishing Co.
_c1965
650 _aPhilosophy of Christianity
942 _2ddc
_cBK
998 _cbat
_e2011-05-20
999 _c8753
_d8753